Greatest Kanye Songs Ever (Top 50) - Statistics

General Stats
  • This quiz has been taken 30 times
  • The average score is 16 of 50
Answer Stats
Album Song % Correct
My Beautiful Dark Twisted Fantasy Runaway
96%
ye Ghost Town
88%
My Beautiful Dark Twisted Fantasy Devil in a New Dress
79%
The Life of Pablo Saint Pablo
75%
Late Registration We Major
71%
ye Violent Crimes
67%
Late Registration Diamonds From Sierra Leone
58%
The College Dropout All Falls Down
54%
The Life of Pablo No More Parties in LA
54%
My Beautiful Dark Twisted Fantasy POWER
54%
The Life of Pablo Waves
54%
The Life of Pablo Wolves
54%
808s & Heartbreaks Heartless
50%
Late Registration Roses
50%
The Life of Pablo Ultralight Beam
50%
Yeezus Black Skinhead
46%
The Life of Pablo Famous
46%
Donda Life of the Party
46%
Graduation Stronger
42%
The College Dropout Through the Wire
42%
Graduation Can't Tell Me Nothing
38%
Watch the Throne No Church in the Wild
38%
Graduation Flashing Lights
33%
Late Registration Heard 'Em Say
33%
Graduation Homecoming
33%
KIDS SEE GHOSTS Reborn
29%
The College Dropout Slow Jamz
25%
Donda Come to Life
21%
The College Dropout Family Business
21%
Late Registration Late
21%
The College Dropout Two Words
21%
The Life of Pablo 30 Hours
13%
Donda Believe What I Say
13%
KIDS SEE GHOSTS Cudi Montage
13%
The College Dropout The New Workout Plan
13%
Late Registration Celebration
8%
Donda Heaven and Hell
8%
Donda No Child Left Behind
8%
ye No Mistakes
8%
My Beautiful Dark Twisted Fantasy So Appalled
8%
808s & Heartbreaks Street Lights
8%
Late Registration Bring Me Down
4%
Watch the Throne Gotta Have it
4%
The Life of Pablo Highlights
4%
Donda Pure Souls
4%
Donda Keep My Spirit Alive
0%
Donda New Again
0%
Watch the Throne Paris
0%
Watch the Throne Primetime
0%
Yeezus Send It Up
0%
No matching quizzes found
Score Distribution
Percent of People with Each Score
Percentile by Number Answered
Your Score History
You have not taken this quiz